Hniezdna značka a jej vzťah k privátnej značke bakalárska práca

Gespeichert in:
Bibliographische Detailangaben
1. Verfasser: Roháľ, Róbert
Körperschaft: Podnikovohospodárska fakulta EU so sídlom v Košiciach. Katedra obchodného podnikania
Weitere Verfasser: Dzuričková, Jana
Format: Buch
Sprache:Slowakisch
Veröffentlicht: Košice 2015
Tags: Tag hinzufügen
Keine Tags, Fügen Sie das erste Tag hinzu!

MARC

LEADER 00000nbm a2200000 4500
001 0206349
005 20161212094528.8
041 0 |a slo 
044 |a SK 
245 1 0 |a Hniezdna značka a jej vzťah k privátnej značke  |b bakalárska práca  |c Róbert Roháľ ; školiteľ: Jana Dzuričková 
264 1 |a Košice  |c 2015 
300 |a 44 s. 
100 1 |a Roháľ, Róbert 
700 1 |a Dzuričková, Jana 
710 2 |a Podnikovohospodárska fakulta EU so sídlom v Košiciach. Katedra obchodného podnikania